Kambala-koli anka. (Record no. 88928)

MARC details
000 -LEADER
fixed length control field 00572nam a2200205Ia 4500
003 - CONTROL NUMBER IDENTIFIER
control field OSt
005 - DATE AND TIME OF LATEST TRANSACTION
control field 20260423114911.0
008 - FIXED-LENGTH DATA ELEMENTS--GENERAL INFORMATION
fixed length control field 210210b1982 xxu||||| |||| 00| 0 eng d
040 ## - CATALOGING SOURCE
Transcribing agency AL
041 ## - LANGUAGE CODE
Language code of text/sound track or separate title Kannada
082 ## - DEWEY DECIMAL CLASSIFICATION NUMBER
Classification number 398.355K RASK
100 ## - MAIN ENTRY--PERSONAL NAME
Personal name RASIKAPUTTIGE.
Dates associated with a name ರಸಿಕ ಪುತ್ತಿಗೆ
9 (RLIN) 262407
245 ## - TITLE STATEMENT
Title Kambala-koli anka.
Remainder of title ಕಂಬಳ-ಕೋಳಿ ಅಂಕ
260 ## - PUBLICATION, DISTRIBUTION, ETC.
Place of publication, distribution, etc. Bengaluru.
Name of publisher, distributor, etc. Ai Bi Ech Prakashana
Date of publication, distribution, etc. 1982
300 ## - PHYSICAL DESCRIPTION
Extent 46
650 ## - SUBJECT ADDED ENTRY--TOPICAL TERM
Topical term or geographic name entry element Kambala Koli Anka
9 (RLIN) 262408
690 ## - LOCAL SUBJECT ADDED ENTRY--TOPICAL TERM (OCLC, RLIN)
Topical term or geographic name as entry element Folklore
9 (RLIN) 262409
906 ## - LOCAL DATA ELEMENT F, LDF (RLIN)
a 038813
942 ## - ADDED ENTRY ELEMENTS (KOHA)
Source of classification or shelving scheme Dewey Decimal Classification
Koha item type Book
Holdings
Withdrawn status Lost status Source of classification or shelving scheme Damaged status Not for loan Collection code Home library Current library Shelving location Date acquired Cost, normal purchase price Total Checkouts Full call number Barcode Date last seen Price effective from Koha item type
    Dewey Decimal Classification     Others St Aloysius Library St Aloysius Library   02/17/2021 2.00   398.355K RASK 038813 02/17/2021 02/17/2021 Book